| 000 | 00963nam a2200241Ia 4500 | ||
|---|---|---|---|
| 003 | Ost | ||
| 005 | 20260507074851.0 | ||
| 008 | 260507s9999||||xx |||||||||||||| ||und|| | ||
| 020 | _a9770446912 | ||
| 040 | _cfsecg | ||
| 041 | _aara | ||
| 082 | _a382.1 | ||
| 100 |
_aموسى، محمد ابراهيم _eمؤلف |
||
| 245 | 0 |
_aانعكاسات العولمة على عقود التجارة الدولية / _c محمد ابراهيم موسى |
|
| 260 |
_aالاسكندرية: _bدار الجامعة الجديدة, _c2007 |
||
| 300 |
_a226 صفحة؛ _bإيضاحات ؛ _c25 سم |
||
| 504 | _aبيبليوغرافيا: ص.197 | ||
| 520 | _aيضم تطور النظرة حول حقيقة التجارة الدولية، تجاوز هيمنة الدول لخلق قواعد فوقية | ||
| 653 | _aالتجارة الخارجية | ||
| 653 | _aالعلاقات الإقتصادية الدولية | ||
| 653 | _aالعولمة | ||
| 942 | _cكتاب | ||
| 999 |
_c41577 _d41577 |
||